| 000 | 01903nam a2200241Ia 4500 | ||
|---|---|---|---|
| 008 | 260220t2015||||xx |||||||||||||| ||spa|| | ||
| 040 |
_aPY-SlUNAC _bspa _erda |
||
| 041 | _aspa | ||
| 082 |
_a514 _bR249d |
||
| 100 |
_aRedtwitz, Dennis Alexander _eAutor |
||
| 245 | 0 |
_aDensificabilidad : _bcaracterizaciones, extensiones y aplicaciones / _cpor Dennis Alexander Redtwitz [Autor] |
|
| 264 |
_aAlicante : _bUniversidad de Alicante, _c℗2015. |
||
| 300 | _a1 volumen | ||
| 520 | _a"Densificabilidad: caracterizaciones, extensiones y aplicaciones" de Dennis Alexander Redtwitz es una obra que aborda el concepto de densificabilidad en contextos diversos, explorando sus características fundamentales y las implicaciones de su aplicación en diferentes campos. A lo largo del libro, el autor presenta un marco teórico que define la densificabilidad, analizando cómo este concepto puede extenderse y aplicarse en áreas como la ingeniería, la arquitectura y el urbanismo. Redtwitz también discute ejemplos prácticos que ilustran la relevancia de la densificabilidad en el desarrollo sostenible y la optimización de recursos, así como su papel en la planificación urbana eficiente. La obra se destaca por su enfoque interdisciplinario y su contribución a la comprensión de cómo la densidad y la organización del espacio influyen en la funcionalidad y habitabilidad de entornos urbanos. En conjunto, el texto proporciona herramientas conceptuales y prácticas para profesionales y académicos interesados en mejorar la calidad de vida en contextos urbanos mediante la aplicación de principios de densificabilidad. | ||
| 653 | _aAplicaciones tecnológicas | ||
| 653 | _aDensificación | ||
| 653 | _aPropiedades físicas | ||
| 942 |
_b2026/02/17 _cBK |
||
| 999 |
_c7516 _d7516 |
||